| 000 | 00543nam a22001817a 4500 | ||
|---|---|---|---|
| 008 | 150520b xxu||||| |||| 00| 0 eng d | ||
| 020 | _a0256238871 (alk. paper) | ||
| 041 | 0 | _aeng | |
| 080 | _a174.8 | ||
| 100 | _aFossum, John A. | ||
| 245 | 0 | 0 |
_aLabor relations : _cJohn A. Fossum. |
| 250 | _aBotimi shtatë | ||
| 260 |
_aBoston _bIrwin/McGraw-Hill, _cc1999. |
||
| 300 |
_a606 f _bme il _c24 cm. |
||
| 505 | _aIndex:f. 590-606 | ||
| 650 | 0 |
_aMarrëdheniet industriale _zShtetet e bashkuara |
|
| 942 |
_2udc _cBK |
||
| 999 |
_c843 _d843 |
||